LIBRARY & INFORMATION CENTRE, KCAET, TAVANUR

ONLINE PUBLIC ACCESS CATALOGUE (OPAC)

History of sanskrit literature (Record no. 3145)

MARC details
000 -LEADER
fixed length control field 00340cam a2200145ua 4500
041 ## - LANGUAGE CODE
Language code of text/sound track or separate title eng
082 ## - DEWEY DECIMAL CLASSIFICATION NUMBER
Classification number 891.2
Item number KEI/HI
100 ## - MAIN ENTRY--AUTHOR NAME
Personal name Keith, Berriedale .
245 ## - TITLE STATEMENT
Title History of sanskrit literature
260 ## - PUBLICATION, DISTRIBUTION, ETC. (IMPRINT)
Place of publication Calcutta :
Name of publisher Oxford University Press ,
Year of publication 1920.
300 ## - PHYSICAL DESCRIPTION
Number of Pages 578 ; .
942 ## - ADDED ENTRY ELEMENTS (KOHA)
Koha item type Books
Holdings
Withdrawn status Lost status Damaged status Home library Current library Date acquired Cost, normal purchase price Full call number Accession Number Koha item type
Withdrawn     KAUAET KAUAET 07/04/2012 25.00 891.2 3077 Books
free website counter